000 01085nam a22002297a 4500
999 _c63685
_d63685
003 Ge_BSU
005 20251208200501.0
008 251208s2018 ge ||||| |||| 00| 0 geo d
020 _a9788301202996
041 _ageo
080 _a821.353.1-22.03=112.2
100 _aKakabadse, Polikarpe
_926409
245 _aKwarkware Tutaberi :
_b komödie in vier Akten /
_cvon Polikarpe Kakabadse; Übersetzung aus dem Georgischen von Mari Girkelidse und Peter zur Linde; Vorwort und Kommentar Manana Kakabadse; Gestaltung und Illustrationen Mari Girkelidse.
264 _aWarszawa:
_bPWN,
_c2018.
300 _a129 p. :
_b ill., portrs. ;
_c22 cm.
653 _aქართული დრამატურგია
700 _aGirkelidse, Mari,
_eმთარგმნელი
_926410
700 _aLinde, Peter zur
_e მთარგმნელი
_926411
700 _aKakabadse, Manana
_e წინასიტყვაობის ავტორი
_926412
700 _aGirkelidse, Mari
_eდიზაინერი, ილუსტრატორი
_926413
942 _2udc
_cBK